00550nam a2200181Ia 4500003000900000008004100009020002200050040001600072080001500088100002600103245011000129260003400239300001700273650002100290650001200311700002500323700002000348IN-BaIIA211028s9999 xx 000 0 eng d a978-3-662-48366-4 cIIA Library a537.8bBLO aBloise, Felix Salazar 0aSolved problems in electromagneticscFelix Salazar Bloise..[et.al]  aBerlinbSpringer-Verlagc2017 axviii, 806p. aElectromagnetics aPhysics aFerro, Rafael Medina aRojo, Ana Bayon